Act of Privy Council in favours of the clerks of kirk-sessions, and other church-officers of the regular established clergie. : Edinburgh, the first day of December, 1687.

Bibliographic Details
Corporate Author: Scotland. Privy Council
Format: eBook
Language:English
Published: Edinburgh : Printed by the heir of Andrew Anderson, Printer to his most sacred Majesty, Anno Dom. 1687.
Series:Early English books online.
Subjects:
Online Access:Connect to the full text of this electronic book

MARC

Tag First Indicator Second Indicator Subfields
LEADER 00000nam a2200000Ia 4500
001 in00004332012
005 20200812093005.0
006 m g d
007 cr bn |||a|bb|
008 040106s1687 stk o 000 0 eng d
035 |a (OCoLC)53981728 
040 |a EAE  |c EAE  |e dcrb 
037 |a CL0037000123  |b ProQuest Information and Learning. 300 N. Zeeb Rd., Ann Arbor, MI 48106 
043 |a e-uk-st 
090 |a KDC968.A25  |b S36 1687 
049 |a UMIA 
110 1 |a Scotland.  |b Privy Council. 
245 1 0 |a Act of Privy Council in favours of the clerks of kirk-sessions, and other church-officers of the regular established clergie. :  |b Edinburgh, the first day of December, 1687. 
260 |a Edinburgh :  |b Printed by the heir of Andrew Anderson, Printer to his most sacred Majesty,  |c Anno Dom. 1687. 
300 |a 1 online resource (1 sheet ([1] pages) 
336 |a text  |b txt  |2 rdacontent 
337 |a computer  |b c  |2 rdamedia 
338 |a online resource  |b cr  |2 rdacarrier 
500 |a Caption title. 
500 |a Royal arms at head of text; initial letter. 
500 |a Signed at end: Extracted forth of the records of his Majesties Privy Council, by me Sir William Paterson knight and baronet, clerk of his Majesties most honourable Privy Council. 
500 |a Reproduction of the original in the National Library of Scotland. 
510 4 |a Wing (2nd edition)  |c S1464 
533 |a Electronic reproduction.  |b Ann Arbor, Mich. :  |c UMI,  |d 1999-  |f (Early English books online)  |n Digital version of: (Early English Books, 1641-1700 ; 2826:43)  |7 s1999 miun s 
650 0 |a Church officers  |x Salaries, etc.  |z Scotland  |v Early works to 1800. 
650 0 |a Church officers  |x Legal status, laws, etc.  |z Scotland  |v Early works to 1800. 
655 7 |a Broadsides  |z Scotland  |y 17th century.  |2 rbgenr 
830 0 |a Early English books online. 
856 4 0 |u http://proxy.library.tamu.edu/login?url=https://search.proquest.com/docview/2240867461  |z Connect to the full text of this electronic book  |t 0 
999 f f |s 7470dace-8113-3822-8246-844e900fa369  |i e190bda6-1489-3c72-8448-a6fdc44a7736  |t 0 
952 f f |a Texas A&M University  |b College Station  |c Electronic Resources  |d Available Online  |t 0  |e KDC968.A25 S36 1687  |h Library of Congress classification 
998 f f |a KDC968.A25 S36 1687  |t 0  |l Available Online